书目信息 |
| 题名: |
Visual FoxPro及其应用系统开发题解
|
|
| 作者: | 汤观全 , 倪绍勇 编著 | |
| 分册: | ||
| 出版信息: | 北京 清华大学出版社 2001 |
|
| 页数: | 132页 | |
| 开本: | 26cm | |
| 丛书名: | 新世纪计算机基础教育丛书 | |
| 单 册: | ||
| 中图分类: | TP311.138FO | |
| 科图分类: | ||
| 主题词: | 关系型数据库--数据库管理系统--解题 , CT--S903510--关系型数据库 , CT--S069078--数据库管理系统 | |
| 电子资源: | ||
| ISBN: | 7-302-04311-6 | |
| 000 | 01016oam2 2200289 45 | |
| 001 | 012001052479 | |
| 005 | 20061008103013.56 | |
| 010 | @a7-302-04311-6@dCNY12.00 | |
| 100 | @a20010719d2001 em y0chiy0110 ea | |
| 101 | 0 | @achi |
| 102 | @aCN@b110000 | |
| 105 | @ay qz 000yy | |
| 200 | 1 | @aVisual FoxPro及其应用系统开发题解@9Visual FoxPro ji qi ying yong xi tong kai fa ti jie@f汤观全,倪绍勇编著 |
| 210 | @a北京@c清华大学出版社@d2001 | |
| 215 | @a132页@d26cm | |
| 225 | 2 | @a新世纪计算机基础教育丛书 |
| 330 | @a本书是《Visual FoxPro及其应用系统开发》一书的配套用书,主要为上述教材全部习题提供解答,全书包括大、小174道习题。 | |
| 461 | 0 | @12001 @a新世纪计算机基础教育丛书 |
| 606 | 0 | @a关系型数据库@x数据库管理系统@x解题 |
| 606 | 0 | @2CT@3S903510@a关系型数据库 |
| 606 | 0 | @2CT@3S069078@a数据库管理系统 |
| 610 | 0 | @aFoxPro |
| 690 | @aTP311.138FO@v4 | |
| 701 | 0 | @a汤观全@9tang guan quan@4编著 |
| 701 | 0 | @a倪绍勇@9ni shao yong@4编著 |
| 801 | 0 | @aCN@bNLC@c20061008 |
| 905 | @a10447@dTP311.138FO@e210 | |
| Visual FoxPro及其应用系统开发题解/汤观全,倪绍勇编著.-北京:清华大学出版社,2001 |
| 132页;26cm.-(新世纪计算机基础教育丛书) |
| ISBN 7-302-04311-6:CNY12.00 |
| 本书是《Visual FoxPro及其应用系统开发》一书的配套用书,主要为上述教材全部习题提供解答,全书包括大、小174道习题。 |
| ● |
| 相关链接 |
|
|
|
|
正题名:Visual FoxPro及其应用系统开发题解
索取号:TP311.138FO/210
 
预约/预借
| 序号 | 登录号 | 条形码 | 馆藏地/架位号 | 状态 | 备注 |
| 1 | 0501589 | 205015892 | 密集书库/ [索取号:TP311.138FO/210] | 在馆 |